Statistics for Spanish Weather Vocabulary Words Quiz

Click here to take the quiz!

General Stats

  • This quiz has been taken 5,773 times
  • The average score is 9 of 12

Answer Stats

EspañolEnglish% Correct
hace fríoit's cold
97%
lluviarain
97%
hace calorit's hot
96%
hace solit's sunny
95%
nievesnow
93%
temperaturatemperature
91%
vientowind
84%
nubladocloudy
77%
termómetrothermometer
66%
nieblafog
47%
pronósticoforecast
42%
ondas waves
27%

Score Distribution

Percentile by Number Answered

Percent of People with Each Score

Your Score History

You have not taken this quiz